MARC

LEADER 00000nam0a2200000 4500
001 313898
005 20231102002625.0
035 |a (RuTPU)RU\TPU\book\339289 
090 |a 313898 
100 |a 20160204d1079 km y0rusy50 ca 
101 0 |a rus 
102 |a RU 
105 |a a z 001zy 
200 1 |a Оптические запоминающие устройства  |f В. А. Вуль 
210 |a Ленинград  |c Энергия  |d 1979 
215 |a 184 с.  |c ил. 
320 |a Библиогр.: с. 180-182. 
606 1 |a Запоминающие устройства оптические  |2 stltpush  |3 (RuTPU)RU\TPU\subj\11344  |9 38293 
610 1 |a использование 
610 1 |a схемы 
610 1 |a анализ 
610 1 |a оптическое излучение 
610 1 |a сканирование 
610 1 |a помехоустойчивость 
610 1 |a синтез 
675 |a 681.327.68  |v 3 
700 1 |a Вуль  |b В. А.  |g Владимир Абрамович 
801 1 |a RU  |b 63413507  |c 20160204 
801 2 |a RU  |b 63413507  |c 20160208  |g RCR 
942 |c BK